000
00237nam a22001097a 4500
082
_a
669 SEV'G
100
_a
KUZMIN, B SEVRYUKOV
_9
80672
245
_a
GENERAL METALLURGY
260
_a
MOSCOW
_b
PEACE
_c
1960
300
_a
545P
942
_c
BK
999
_c
585570
_d
585570